|
|
|
|
| LEADER |
00000nam0a2200000 4500 |
| 001 |
273324 |
| 005 |
20231101234623.0 |
| 020 |
|
|
|a RU
|b 87-13742
|
| 035 |
|
|
|a (RuTPU)RU\TPU\book\296533
|
| 090 |
|
|
|a 273324
|
| 100 |
|
|
|a 20141024d1986 k y0rusy5003 ca
|
| 101 |
0 |
|
|a rus
|
| 102 |
|
|
|a RU
|
| 105 |
|
|
|a a z 001zy
|
| 200 |
1 |
|
|a Стратотипические разрезы нижнего и среднего девона Салаира. Теленгитский надгоризонт: терригенно-карбонатные фации
|f Академия наук СССР (АН СССР), Сибирское отделение (СО), Институт геологии и геофизики (ИГиГ) ; под ред. Е. А. Елкина
|
| 210 |
|
|
|a Новосибирск
|c Изд-во ИГИГ
|d 1986
|
| 215 |
|
|
|a 143 с.
|c ил.
|
| 320 |
|
|
|a Библиогр. в конце ст.
|
| 606 |
1 |
|
|a Девонские отложения
|2 stltpush
|3 (RuTPU)RU\TPU\subj\9844
|9 37007
|
| 610 |
1 |
|
|a стртиграфия
|
| 610 |
1 |
|
|a Салаирский кряж
|
| 610 |
1 |
|
|a карбонатные формации
|
| 610 |
1 |
|
|a терригенно-карбонатные комплексы
|
| 610 |
1 |
|
|a теленгиты
|
| 610 |
1 |
|
|a палеонтологические характеристики
|
| 610 |
1 |
|
|a брахиоподы
|
| 610 |
1 |
|
|a фауна
|
| 610 |
1 |
|
|a конодонты
|
| 675 |
|
|
|a 551.734
|z rus
|v 4
|
| 702 |
|
1 |
|a Елкин
|b Е. А.
|g Евгений Александрович
|4 340
|
| 712 |
0 |
2 |
|a Академия наук СССР (АН СССР)
|b Сибирское отделение (СО)
|b Институт геологии и геофизики (ИГиГ)
|c (Новосибирск)
|2 stltpush
|3 (RuTPU)RU\TPU\col\128
|
| 801 |
|
0 |
|a RU
|b RuMRKP
|c 19960705
|g psbo
|
| 801 |
|
1 |
|a RU
|b 63413507
|c 20141024
|
| 801 |
|
2 |
|a RU
|b 63413507
|c 20170321
|g RCR
|
| 942 |
|
|
|c BK
|